Version control with Git / (Record no. 257)

MARC details
000 -LEADER
fixed length control field 00901cam a22003018a 4500
001 - CONTROL NUMBER
control field 4847104
005 - DATE AND TIME OF LATEST TRANSACTION
control field 20200421093824.0
008 - FIXED-LENGTH DATA ELEMENTS--GENERAL INFORMATION
fixed length control field 120321s2012 cc 000 0 eng|d
015 ## - NATIONAL BIBLIOGRAPHY NUMBER
National bibliography number GBB231596
Source bnb
020 ## - INTERNATIONAL STANDARD BOOK NUMBER
International Standard Book Number 9781449316389 (pbk.) :
Terms of availability £26.99
020 ## - INTERNATIONAL STANDARD BOOK NUMBER
International Standard Book Number 1449316387 (pbk.) :
Terms of availability £26.99
035 ## - SYSTEM CONTROL NUMBER
System control number (Uk)016057990
035 ## - SYSTEM CONTROL NUMBER
System control number 2692166
040 ## - CATALOGING SOURCE
Original cataloging agency StDuBDS
Language of cataloging eng
Transcribing agency StDuBDS
082 04 - DEWEY DECIMAL CLASSIFICATION NUMBER
Classification number 005.1
Edition information 23
100 1# - MAIN ENTRY--PERSONAL NAME
Personal name Loeliger, Jon.
9 (RLIN) 488
245 10 - TITLE STATEMENT
Title Version control with Git /
Statement of responsibility, etc. Jon Loeliger and Matthew McCullough.
250 ## - EDITION STATEMENT
Edition statement 2nd ed.
260 ## - PUBLICATION, DISTRIBUTION, ETC.
Place of publication, distribution, etc. Beijing ;
-- Farnham :
Name of publisher, distributor, etc. O'Reilly,
Date of publication, distribution, etc. 2012.
263 ## - PROJECTED PUBLICATION DATE
Projected publication date 201207
300 ## - PHYSICAL DESCRIPTION
Extent 1 v. ;
Dimensions 24 cm.
500 ## - GENERAL NOTE
General note Originally published: Beijing: O'Reilly, 2009.
630 00 - SUBJECT ADDED ENTRY--UNIFORM TITLE
Uniform title Git (Computer file)
9 (RLIN) 489
650 #0 - SUBJECT ADDED ENTRY--TOPICAL TERM
Topical term or geographic name entry element Software engineering.
9 (RLIN) 490
650 #0 - SUBJECT ADDED ENTRY--TOPICAL TERM
Topical term or geographic name entry element Open source software.
9 (RLIN) 491
700 1# - ADDED ENTRY--PERSONAL NAME
Personal name McCullough, Matthew.
9 (RLIN) 492
942 ## - ADDED ENTRY ELEMENTS (KOHA)
Source of classification or shelving scheme Dewey Decimal Classification
Koha item type Books
Holdings
Withdrawn status Lost status Damaged status Not for loan Collection Home library Current library Shelving location Date acquired Barcode Date last seen Price effective from Koha item type
        Reference Fairview Fairview General stacks 09/04/2014 39999000011197 09/04/2014 09/04/2014 Books
        Reference Fairview Fairview General stacks 09/04/2014 39999000011210 09/04/2014 09/04/2014 Books
        Reference Midway Midway General stacks 09/04/2014 39999000011234 09/04/2014 09/04/2014 Books